000 00316nam a22001217a 4500
008 160504b xxu||||| |||| 00| 0 eng d
020 _a9780495553052
020 _a0495553050
041 _aeng
080 _a612.39
245 _aNutrition concepts and controversies:
_cFrances Sizer ; Ellie Whitney;
942 _2udc
_cBK
999 _c1773
_d1773